[Event "Voronezh Region-ch"]
[Site "Voronezh"]
[Date "2017.12.20"]
[Round "8"]
[White "Sakorenko, Adriana"]
[Black "Kornilov, Peter"]
[Result "1-0"]
[WhiteElo "2101"]
[BlackElo "1936"]
[PlyCount "55"]
[EventDate "2017.12.12"]
[EventType "swiss"]
[EventRounds "9"]
[EventCountry "RUS"]
[SourceTitle "CBM 182 Extra"]
[Source "ChessBase"]
[SourceDate "2018.02.23"]
[SourceVersion "1"]
[SourceVersionDate "2018.02.23"]
[SourceQuality "1"]

1. d4 Nf6 2. Bf4 d6 3. Nf3 g6 4. Nc3 Bf5 5. Nh4 Bc8 6. e4 Bg7 7. Nf3 0-0 8. Qd2 c6 9. Bh6 b5 10. Bd3 b4 11. Ne2 c5 12. Bxg7 Kxg7 13. dxc5 dxc5 14. e5 Nd5 15. Be4 e6 16. Nf4 Bb7 17. 0-0-0 Nc6 18. h4 Nb6 19. Qe3 Qe7 20. h5 Nc4 21. Qe2 Nb6 22. hxg6 fxg6 23. Rxh7+ Kxh7 24. Nxg6 Qg7 25. Ne7+ Rf5 26. Bxf5+ exf5 27. Rh1+ Qh6+ 28. Ng5+ 1-0

[Event "Voronezh Region-ch"]
[Site "Voronezh"]
[Date "2017.12.15"]
[Round "3"]
[White "Kornilov, Peter"]
[Black "Rodin, Dmitrij"]
[Result "1-0"]
[WhiteElo "1936"]
[BlackElo "2399"]
[PlyCount "141"]
[EventDate "2017.12.12"]
[EventType "swiss"]
[EventRounds "9"]
[EventCountry "RUS"]
[SourceTitle "CBM 182 Extra"]
[Source "ChessBase"]
[SourceDate "2018.02.23"]
[SourceVersion "1"]
[SourceVersionDate "2018.02.23"]
[SourceQuality "1"]

1. d4 Nf6 2. g3 e6 3. Bg2 c5 4. Nf3 Be7 5. c4 cxd4 6. Nxd4 0-0 7. 0-0 d5 8. cxd5 Nxd5 9. e4 Nb4 10. Nc3 N8c6 11. Nxc6 bxc6 12. Qa4 Qb6 13. Be3 Qa6 14. Rfc1 Nd3 15. Rc2 c5 16. b3 Qb6 17. Rd1 Ne5 18. Qb5 Ba6 19. Qxb6 axb6 20. Na4 Rad8 21. Rcd2 Be2 22. Re1 Nf3+ 23. Bxf3 Bxf3 24. Nxb6 Rxd2 25. Bxd2 Rd8 26. Nc4 g5 27. a4 Rb8 28. Ne5 Rxb3 29. Nxf3 Rxf3 30. Be3 f5 31. e5 Bd8 32. Kg2 g4 33. Rc1 Bb6 34. Rb1 Bc7 35. Rb7 Bxe5 36. a5 Bd4 37. Bxd4 Ra3 38. Rb8+ Kf7 39. Rb7+ Kg6 40. Rg7+ Kh6 41. Bxc5 Rxa5 42. Bf8 Ra8 43. Rg8+ Kh5 44. Rh8 Kg6 45. Bg7 Ra5 46. Bc3 Rc5 47. Bd4 Rd5 48. Be3 e5 49. Rg8+ Kf6 50. Rc8 Rd6 51. Rf8+ Kg6 52. h3 gxh3+ 53. Kxh3 Ra6 54. Rb8 Ra4 55. Rb6+ Kf7 56. Bg5 Ra5 57. Rf6+ Kg7 58. Rxf5 Kg6 59. g4 h5 60. Kh4 hxg4 61. Rf6+ Kg7 62. Kxg4 Ra2 63. Rf3 Kg6 64. Bh4 Ra4+ 65. Kh3 e4 66. Rf6+ Kg7 67. Re6 Kf7 68. Re5 Kg6 69. Bg5 Rc4 70. Be3 Kf6 71. Rc5 1-0

[Event "Voronezh Region-ch"]
[Site "Voronezh"]
[Date "2017.12.14"]
[Round "2"]
[White "Peschansky, Mikhail"]
[Black "Kornilov, Peter"]
[Result "0-1"]
[WhiteElo "2205"]
[BlackElo "1936"]
[PlyCount "68"]
[EventDate "2017.12.12"]
[EventType "swiss"]
[EventRounds "9"]
[EventCountry "RUS"]
[SourceTitle "CBM 182 Extra"]
[Source "ChessBase"]
[SourceDate "2018.02.23"]
[SourceVersion "1"]
[SourceVersionDate "2018.02.23"]
[SourceQuality "1"]

1. c4 e5 2. Nc3 Nc6 3. g3 Bb4 4. Nd5 Bc5 5. Bg2 Nf6 6. e3 0-0 7. a3 Re8 8. Nxf6+ Qxf6 9. d3 a5 10. Ne2 d6 11. Nc3 Ne7 12. b3 Qg6 13. Bb2 c6 14. Qc2 Nf5 15. Be4 Qh6 16. Qe2 Bd7 17. h4 Nd4 18. Qd1 f5 19. Bg2 Ne6 20. Ne2 f4 21. d4 Ba7 22. dxe5 fxg3 23. Nxg3 Bxe3 24. 0-0 Bf4 25. Nf5 Qg6 26. Nxd6 Re7 27. Nxb7 Qh6 28. Re1 Qxh4 29. Nd6 Rf8 30. f3 Bh2+ 31. Kf1 Nf4 32. Re4 Qg3 33. Rxf4 Rxf4 34. Bc1 Bh3 0-1

[Event "Voronezh School op"]
[Site "Voronezh"]
[Date "2015.05.23"]
[Round "5"]
[White "Kornilov, Peter"]
[Black "Koshelev, Vladimir"]
[Result "1-0"]
[WhiteElo "2043"]
[BlackElo "1821"]
[PlyCount "73"]
[EventDate "2015.05.19"]
[EventType "swiss"]
[EventRounds "9"]
[EventCountry "RUS"]
[SourceTitle "EXT 2016"]
[Source "ChessBase"]
[SourceDate "2015.10.08"]
[SourceVersion "1"]
[SourceVersionDate "2015.10.08"]
[SourceQuality "1"]

1. Nf3 g6 2. c4 Nf6 3. Nc3 Bg7 4. g3 b6 5. Bg2 Bb7 6. 0-0 d6 7. d4 Nbd7 8. d5 c5 9. dxc6 Bxc6 10. Nd5 Rc8 11. Nd4 Ba8 12. Nb5 Nxd5 13. cxd5 a6 14. Nd4 0-0 15. e4 Rc4 16. Be3 Qc7 17. Re1 Qa7 18. Bf1 Rc7 19. Qe2 Bb7 20. Rac1 Rfc8 21. Rxc7 Rxc7 22. b4 Qa8 23. a4 h5 24. f4 Nf6 25. f5 Ng4 26. fxg6 Rc3 27. gxf7+ Kxf7 28. Bf2 Qh8 29. Ne6 Nxf2 30. Qxf2+ Bf6 31. Kh1 Bc8 32. Bh3 h4 33. g4 Bxe6 34. dxe6+ Kg8 35. g5 Rxh3 36. gxf6 Qxf6 37. Qg2+ 1-0

[Event "Voronezh-ch op2"]
[Site "Voronezh"]
[Date "2015.04.10"]
[Round "8"]
[White "Kornilov, Peter"]
[Black "Kholodov, Vladimir"]
[Result "0-1"]
[WhiteElo "2033"]
[BlackElo "2010"]
[PlyCount "88"]
[EventDate "2015.04.02"]
[EventType "swiss"]
[EventRounds "9"]
[EventCountry "RUS"]
[SourceTitle "EXT 2017"]
[Source "ChessBase"]
[SourceDate "2016.10.25"]
[SourceVersion "1"]
[SourceVersionDate "2016.10.25"]
[SourceQuality "1"]

1. Nf3 Nf6 2. c4 c5 3. Nc3 d6 4. g3 g6 5. Bg2 Bg7 6. 0-0 Nc6 7. d3 0-0 8. Bg5 h6 9. Bd2 e5 10. a3 a5 11. Rb1 Re8 12. Ne1 Bf5 13. e4 Be6 14. f4 exf4 15. Bxf4 Ng4 16. Nb5 Nge5 17. Qd2 Kh7 18. b3 g5 19. Bxe5 Nxe5 20. Nc2 a4 21. b4 b6 22. Ne3 Qe7 23. Nc3 Ng4 24. Ncd5 Bd4 25. Kh1 Ne5 26. b5 Ra7 27. Rf2 f6 28. Rbf1 Rf8 29. Qd1 Kg7 30. Bf3 Qd7 31. Be2 Bh3 32. Rg1 Be6 33. Bh5 Qb7 34. Nf5+ Kh7 35. Bg4 Qd7 36. Bh3 Kg6 37. Bg4 Kh7 38. h3 Nxg4 39. hxg4 Kg6 40. Rgg2 Rh8 41. Rh2 Qd8 42. Qf1 Rah7 43. Rh5 Bxf5 44. Rxf5 Rf7 0-1

[Event "Voronezh School Rating 03"]
[Site "Voronezh"]
[Date "2015.03.21"]
[Round "8.7"]
[White "Katkov, Vitaly"]
[Black "Kornilov, Peter"]
[Result "0-1"]
[WhiteElo "2061"]
[BlackElo "2044"]
[PlyCount "68"]
[EventDate "2015.03.13"]
[EventType "swiss"]
[EventRounds "9"]
[EventCountry "RUS"]
[SourceTitle "EXT 2018"]
[Source "ChessBase"]
[SourceDate "2017.10.13"]
[SourceVersion "1"]
[SourceVersionDate "2017.10.13"]
[SourceQuality "1"]

1. e4 c5 2. Nf3 e6 3. Nc3 a6 4. b3 Nc6 5. Bb2 d6 6. d4 cxd4 7. Nxd4 Nxd4 8. Qxd4 e5 9. Qd2 Be6 10. Bd3 Be7 11. 0-0 Bg5 12. Qe2 Rc8 13. Nd1 Nf6 14. c4 0-0 15. Nc3 g6 16. Rfe1 Qb6 17. Kh1 Ng4 18. Rf1 f5 19. Nd5 Bxd5 20. exd5 e4 21. Bc2 Bf6 22. Bxf6 Nxf6 23. Qd2 Rce8 24. b4 Ng4 25. Bb3 f4 26. c5 Qd8 27. f3 e3 28. Qd4 Nxh2 29. Kxh2 Qh4+ 30. Kg1 Rf5 31. g4 Qg3+ 32. Kh1 Ree5 33. Qxe5 Rxe5 34. cxd6 e2 0-1

[Event "Voronezh-ch"]
[Site "Voronezh"]
[Date "2015.01.04"]
[Round "2"]
[White "Vinogradov, Anatoly"]
[Black "Kornilov, Peter"]
[Result "1/2-1/2"]
[WhiteElo "2149"]
[BlackElo "2036"]
[PlyCount "107"]
[EventDate "2015.01.03"]
[EventType "swiss"]
[EventRounds "9"]
[EventCountry "RUS"]
[SourceTitle "CBM 164 Extra"]
[Source "ChessBase"]
[SourceDate "2015.03.02"]
[SourceVersion "1"]
[SourceVersionDate "2015.03.02"]
[SourceQuality "1"]

1. d4 Nf6 2. c4 e6 3. Nc3 Bb4 4. Qc2 c5 5. dxc5 Bxc5 6. Nf3 0-0 7. Bg5 h6 8. Bh4 Be7 9. e3 b6 10. Be2 Bb7 11. 0-0 d5 12. Rfd1 Nbd7 13. Bxf6 Nxf6 14. cxd5 exd5 15. Nb5 Rc8 16. Qd2 Ne4 17. Qe1 a6 18. Nbd4 Bd6 19. Rac1 Qf6 20. Rxc8 Rxc8 21. Rc1 Re8 22. Bf1 g5 23. g3 h5 24. Nd2 Nc5 25. Qd1 g4 26. Rc2 Be5 27. Nb1 Ne6 28. Rd2 Bxd4 29. exd4 Ng5 30. Bg2 Qe6 31. Qf1 Qe1 32. Rd1 Qb4 33. Rd2 Ne4 34. Bxe4 dxe4 35. Nc3 Qe7 36. Qe1 h4 37. Qe3 hxg3 38. hxg3 Qf6 39. d5 Qg6 40. Rd4 f5 41. Ne2 Rd8 42. Nf4 Qh6 43. Ng2 Qxe3 44. Nxe3 Kf7 45. Nxf5 Rxd5 46. Rxd5 Bxd5 47. a3 Be6 48. Ne3 Kf6 49. Kf1 Ke5 50. Ke2 Kd4 51. Kd2 a5 52. Kc2 b5 53. Kd2 Bd7 54. Kc2 1/2-1/2

[Event "Voronezh Regional-ch"]
[Site "Voronezh"]
[Date "2014.12.14"]
[Round "9"]
[White "Klimentov, Evgeny"]
[Black "Kornilov, Peter"]
[Result "0-1"]
[WhiteElo "2034"]
[BlackElo "1993"]
[PlyCount "72"]
[EventDate "2014.12.05"]
[EventType "swiss"]
[EventRounds "9"]
[EventCountry "RUS"]
[SourceTitle "CBM 164 Extra"]
[Source "ChessBase"]
[SourceDate "2015.03.02"]
[SourceVersion "1"]
[SourceVersionDate "2015.03.02"]
[SourceQuality "1"]

1. e4 c5 2. Nf3 e6 3. d4 cxd4 4. Nxd4 a6 5. Bd3 Qc7 6. 0-0 Nf6 7. Qe2 d6 8. c4 g6 9. b3 Bg7 10. Bb2 0-0 11. Nd2 b6 12. f4 e5 13. fxe5 dxe5 14. Nc2 Nh5 15. g3 Bh3 16. Rf2 Qd7 17. Ne3 Nf4 18. gxf4 exf4 19. Bxg7 fxe3 20. Qxe3 Kxg7 21. Bf1 Qg4+ 22. Kh1 Bxf1 23. Raxf1 Nd7 24. Rf4 Qe6 25. Nf3 f6 26. Nd4 Qe5 27. Rh4 Rf7 28. Rg1 Nf8 29. Nf5+ Kh8 30. Nh6 Rb7 31. Ng4 Qg5 32. Qf3 Qxh4 33. e5 Raa7 34. exf6 Rf7 35. Qe3 Rab7 36. Qe4 h5 0-1

[Event "Voronezh Regional-ch"]
[Site "Voronezh"]
[Date "2014.12.13"]
[Round "8"]
[White "Kornilov, Peter"]
[Black "Artemov, Nikita"]
[Result "0-1"]
[WhiteElo "1993"]
[BlackElo "2053"]
[PlyCount "94"]
[EventDate "2014.12.05"]
[EventType "swiss"]
[EventRounds "9"]
[EventCountry "RUS"]
[SourceTitle "CBM 164 Extra"]
[Source "ChessBase"]
[SourceDate "2015.03.02"]
[SourceVersion "1"]
[SourceVersionDate "2015.03.02"]
[SourceQuality "1"]

1. d4 Nf6 2. g3 c5 3. dxc5 e6 4. Bg2 Bxc5 5. Nf3 0-0 6. 0-0 d5 7. Bf4 Nc6 8. c3 a5 9. Ne5 Nxe5 10. Bxe5 Ng4 11. Bd4 Bd6 12. h3 Nf6 13. Bxf6 Qxf6 14. e4 Rd8 15. exd5 exd5 16. Nd2 Bf5 17. Nb3 Be4 18. Nd4 Re8 19. Qb3 Re7 20. a4 Bc5 21. Rad1 Rae8 22. Qb5 Bb6 23. b4 axb4 24. Qxb4 h5 25. a5 Bc7 26. Nb5 Bb8 27. h4 Qg6 28. Qc5 Qg4 29. Nd6 Bxg2 30. Kxg2 Rd8 31. Nb5 Bxg3 32. fxg3 Re2+ 33. Rf2 Rxf2+ 34. Qxf2 Qxd1 35. Qe3 Qc2+ 36. Kf3 Qf5+ 37. Kg2 Qe4+ 38. Kf2 Re8 39. Qxe4 Rxe4 40. Nd6 Re7 41. c4 dxc4 42. Nxc4 Re4 43. Nd6 Rb4 44. Ke3 Kf8 45. Kd3 Ke7 46. Nf5+ Kf6 47. Ne3 Rb3+ 0-1

[Event "Voronezh Regional-ch"]
[Site "Voronezh"]
[Date "2014.12.12"]
[Round "7"]
[White "Atanazevich, Yury"]
[Black "Kornilov, Peter"]
[Result "0-1"]
[WhiteElo "2045"]
[BlackElo "1993"]
[PlyCount "62"]
[EventDate "2014.12.05"]
[EventType "swiss"]
[EventRounds "9"]
[EventCountry "RUS"]
[SourceTitle "CBM 164 Extra"]
[Source "ChessBase"]
[SourceDate "2015.03.02"]
[SourceVersion "1"]
[SourceVersionDate "2015.03.02"]
[SourceQuality "1"]

1. Nf3 Nf6 2. c4 c5 3. b3 d6 4. Bb2 e5 5. d3 Nc6 6. g3 Be7 7. Bg2 0-0 8. 0-0 Bg4 9. a3 Qd7 10. Re1 Bh3 11. Bh1 Ng4 12. Nc3 f5 13. Nd5 Nf6 14. Qd2 Nxd5 15. cxd5 Nd4 16. Bxd4 cxd4 17. Ng5 Bxg5 18. Qxg5 Rf6 19. Qd2 Raf8 20. f4 Qf7 21. Rac1 Bg4 22. e3 dxe3 23. Qxe3 exf4 24. Qxf4 h6 25. h4 Bh5 26. Kh2 Rg6 27. Re6 Rg4 28. Qxd6 f4 29. Re7 fxg3+ 30. Kh3 Qf2 31. Bg2 Rg6 0-1

[Event "Voronezh-ch"]
[Site "Voronezh"]
[Date "2014.11.07"]
[Round "9"]
[White "Kornilov, Peter"]
[Black "Klimentov, Roman"]
[Result "0-1"]
[WhiteElo "1993"]
[BlackElo "2250"]
[PlyCount "48"]
[EventDate "2014.10.28"]
[EventType "tourn"]
[EventRounds "9"]
[EventCountry "RUS"]
[SourceTitle "CBM 163 Extra"]
[Source "ChessBase"]
[SourceDate "2014.12.23"]
[SourceVersion "1"]
[SourceVersionDate "2014.12.23"]
[SourceQuality "1"]

1. Nf3 d6 2. d4 g6 3. e4 Bg7 4. Bc4 Nf6 5. Nc3 0-0 6. Bg5 Nxe4 7. Nxe4 d5 8. Bd3 dxe4 9. Bxe4 c5 10. c3 Qb6 11. Qb3 Qa6 12. 0-0-0 cxd4 13. cxd4 Nc6 14. Kb1 Bg4 15. Bd3 Qa5 16. d5 Bxf3 17. gxf3 Nd4 18. Qa3 Qxd5 19. Bxe7 Rfe8 20. Bc5 Qxf3 21. Bxd4 Bxd4 22. Bxg6 Qxa3 23. Bxf7+ Kxf7 24. bxa3 Rad8 0-1

[Event "Voronezh-ch"]
[Site "Voronezh"]
[Date "2014.11.01"]
[Round "5"]
[White "Kornilov, Peter"]
[Black "Cherednichenko, Dmitrij"]
[Result "1/2-1/2"]
[WhiteElo "1993"]
[BlackElo "1902"]
[PlyCount "58"]
[EventDate "2014.10.28"]
[EventType "tourn"]
[EventRounds "9"]
[EventCountry "RUS"]
[SourceTitle "CBM 163 Extra"]
[Source "ChessBase"]
[SourceDate "2014.12.23"]
[SourceVersion "1"]
[SourceVersionDate "2014.12.23"]
[SourceQuality "1"]

1. Nf3 Nf6 2. c4 b6 3. g3 Bb7 4. Bg2 e6 5. 0-0 Be7 6. Nc3 0-0 7. d4 d5 8. Ne5 Nbd7 9. Bg5 h6 10. Bf4 c5 11. dxc5 Nxc5 12. cxd5 exd5 13. Nb5 Ne6 14. Be3 Ne4 15. Nd4 Nxd4 16. Bxd4 Bd6 17. Rc1 Re8 18. Nf3 Qe7 19. a3 Rad8 20. Qa4 Bb8 21. b4 Bc8 22. Rfd1 Bg4 23. Qb3 Bc8 24. Qb2 f6 25. Qb3 Be6 26. Nh4 Qf7 27. Qb2 Nd6 28. Qc2 Nc4 29. a4 f5 1/2-1/2

[Event "Voronezh-ch"]
[Site "Voronezh"]
[Date "2014.10.29"]
[Round "2"]
[White "Kornilov, Peter"]
[Black "Sokolovsky, Victor"]
[Result "1/2-1/2"]
[WhiteElo "1993"]
[BlackElo "1977"]
[PlyCount "72"]
[EventDate "2014.10.28"]
[EventType "tourn"]
[EventRounds "9"]
[EventCountry "RUS"]
[SourceTitle "CBM 163 Extra"]
[Source "ChessBase"]
[SourceDate "2014.12.23"]
[SourceVersion "1"]
[SourceVersionDate "2014.12.23"]
[SourceQuality "1"]

1. Nf3 d5 2. g3 c5 3. Bg2 Nf6 4. 0-0 e6 5. b3 Be7 6. Bb2 0-0 7. c4 Nc6 8. cxd5 exd5 9. d4 Bg4 10. Nbd2 Re8 11. h3 Bf5 12. Rc1 Qb6 13. Nh4 Bg6 14. Nxg6 hxg6 15. dxc5 Bxc5 16. Bxf6 gxf6 17. Qc2 Rxe2 18. Qxc5 Qxc5 19. Rxc5 Rxd2 20. Bxd5 Rxa2 21. Bxc6 bxc6 22. Rxc6 Rb8 23. Rxf6 Rxb3 24. Rc1 Kg7 25. Rf4 Rb7 26. Rcc4 a5 27. h4 Ra7 28. Ra4 Rxa4 29. Rxa4 Kf6 30. Kf1 Ke5 31. Ke2 Kd5 32. Kd3 Kc5 33. Kc3 Kb5 34. Kb3 Rd7 35. Rf4 Rd3+ 36. Ka2 f5 1/2-1/2

[Event "Voronezh CC-ch"]
[Site "Voronezh"]
[Date "2014.10.23"]
[Round "6"]
[White "Kornilov, Peter"]
[Black "Vinogradov, Anatoly"]
[Result "1/2-1/2"]
[WhiteElo "1993"]
[BlackElo "2139"]
[PlyCount "30"]
[EventDate "2014.10.17"]
[EventType "swiss"]
[EventRounds "9"]
[EventCountry "RUS"]
[SourceTitle "CBM 163 Extra"]
[Source "ChessBase"]
[SourceDate "2014.12.23"]
[SourceVersion "1"]
[SourceVersionDate "2014.12.23"]
[SourceQuality "1"]

1. Nf3 Nf6 2. c4 e6 3. g3 d5 4. Bg2 Be7 5. b3 0-0 6. Bb2 Nbd7 7. 0-0 c6 8. d4 b6 9. Nc3 Ba6 10. Nd2 Rc8 11. e4 dxe4 12. Ncxe4 b5 13. c5 b4 14. Nc4 Nxe4 15. Bxe4 Nf6 1/2-1/2

[Event "Voronezh CC-ch"]
[Site "Voronezh"]
[Date "2014.10.18"]
[Round "2"]
[White "Kornilov, Peter"]
[Black "Kortunov, A."]
[Result "1-0"]
[WhiteElo "1993"]
[BlackElo "1773"]
[PlyCount "86"]
[EventDate "2014.10.17"]
[EventType "swiss"]
[EventRounds "9"]
[EventCountry "RUS"]
[SourceTitle "CBM 163 Extra"]
[Source "ChessBase"]
[SourceDate "2014.12.23"]
[SourceVersion "1"]
[SourceVersionDate "2014.12.23"]
[SourceQuality "1"]

1. Nf3 Nf6 2. c4 d5 3. cxd5 Nxd5 4. Nc3 Nc6 5. g3 e5 6. d3 h6 7. Bd2 Be6 8. Bg2 Be7 9. 0-0 Qd7 10. Nxd5 Bxd5 11. Bc3 f6 12. e4 Be6 13. d4 exd4 14. Nxd4 Nxd4 15. Qxd4 Qxd4 16. Bxd4 c6 17. e5 Kf7 18. f4 g6 19. Be4 Rhd8 20. Bc3 f5 21. Bf3 Rd3 22. Bg2 Rad8 23. a3 h5 24. Rf3 Bc5+ 25. Kh1 h4 26. gxh4 Rxf3 27. Bxf3 Be3 28. h5 Bxf4 29. hxg6+ Kxg6 30. Rg1+ Kh6 31. Rf1 Be3 32. Be1 Bd4 33. Bg3 Be3 34. Bf2 Rd3 35. Kg2 Rd2 36. Kg1 Bf4 37. b4 a6 38. a4 Rb2 39. Rd1 Bxh2+ 40. Kxh2 Rxf2+ 41. Kg3 Rxf3+ 42. Kxf3 Kg5 43. Rg1+ Kh6 1-0

[Event "Voronezh Zagorovsky Memorial"]
[Site "Voronezh"]
[Date "2014.07.09"]
[Round "8"]
[White "Kornilov, Peter"]
[Black "Chuprikov, Dmitry"]
[Result "0-1"]
[WhiteElo "1997"]
[BlackElo "2324"]
[PlyCount "80"]
[EventDate "2014.07.01"]
[EventType "swiss"]
[EventRounds "9"]
[EventCountry "RUS"]
[SourceTitle "CBM 161 Extra"]
[Source "ChessBase"]
[SourceDate "2014.08.29"]
[SourceVersion "1"]
[SourceVersionDate "2014.08.29"]
[SourceQuality "1"]

1. Nf3 d5 2. g3 c6 3. Bg2 Bg4 4. c4 e6 5. 0-0 Nd7 6. d3 Bd6 7. Nc3 Ne7 8. a3 0-0 9. b4 h6 10. Bb2 e5 11. Nd2 d4 12. Nce4 Bc7 13. Nf3 f5 14. Ned2 b6 15. a4 a5 16. bxa5 bxa5 17. Ba3 c5 18. Rb1 Nc6 19. Rb5 Nb4 20. Nb3 Bd6 21. Bxb4 axb4 22. a5 e4 23. Ne1 Re8 24. dxe4 fxe4 25. f3 Be6 26. Qc2 Qc7 27. f4 Nf6 28. Bh1 Ra7 29. Ng2 Qf7 30. Rc1 Rc8 31. Nh4 g5 32. fxg5 hxg5 33. Ng2 Qh5 34. Nd2 Rh7 35. Nf1 Bxg3 36. h4 gxh4 37. Rb6 Qf5 38. e3 d3 39. Qb2 Ng4 40. Nxg3 hxg3 0-1

[Event "Voronezh op-A 18th"]
[Site "Voronezh"]
[Date "2014.06.19"]
[Round "7"]
[White "Kornilov, Peter"]
[Black "Sokolovsky, Victor"]
[Result "1-0"]
[WhiteElo "2013"]
[BlackElo "1984"]
[PlyCount "101"]
[EventDate "2014.06.12"]
[EventType "swiss"]
[EventRounds "9"]
[EventCountry "RUS"]
[SourceTitle "CBM 160 Extra"]
[Source "ChessBase"]
[SourceDate "2014.07.01"]
[SourceVersion "1"]
[SourceVersionDate "2014.07.01"]
[SourceQuality "1"]

1. Nf3 Nf6 2. c4 d6 3. g3 e5 4. Bg2 c5 5. d3 Be7 6. Nc3 Nc6 7. 0-0 Bg4 8. h3 Be6 9. a3 Qd7 10. Kh2 h5 11. h4 Ng4+ 12. Kg1 Nd4 13. Ne4 f5 14. Neg5 Bxg5 15. Bxg5 f4 16. Nxd4 cxd4 17. gxf4 0-0 18. Qb3 Rab8 19. Qb5 Qc7 20. Bd5 Bxd5 21. Qxd5+ Kh8 22. Rae1 b6 23. b4 exf4 24. Qxd4 f3 25. e3 Rf5 26. Bf4 Qe7 27. Bg3 Rd8 28. Qe4 Qf6 29. d4 g5 30. Kh1 gxh4 31. Bf4 Rg8 32. Qxf3 Ne5 33. dxe5 dxe5 34. Rg1 exf4 35. Rxg8+ Kxg8 36. Rg1+ Kh7 37. Qb7+ Kh6 38. e4 Rg5 39. Rxg5 Qxg5 40. Qc6+ Kg7 41. Qd7+ Kg6 42. Qe6+ Kg7 43. Qd7+ Kg6 44. Qxa7 f3 45. Qxb6+ Kg7 46. Qc7+ Kh6 47. Qd6+ Kh7 48. Qd7+ Kh6 49. Qd6+ Kh7 50. Qc7+ Kh6 51. Qh2 1-0

[Event "Voronezh op-A 18th"]
[Site "Voronezh"]
[Date "2014.06.15"]
[Round "4"]
[White "Bykova, Anastasia"]
[Black "Kornilov, Peter"]
[Result "0-1"]
[WhiteElo "2134"]
[BlackElo "2013"]
[PlyCount "122"]
[EventDate "2014.06.12"]
[EventType "swiss"]
[EventRounds "9"]
[EventCountry "RUS"]
[SourceTitle "CBM 160 Extra"]
[Source "ChessBase"]
[SourceDate "2014.07.01"]
[SourceVersion "1"]
[SourceVersionDate "2014.07.01"]
[SourceQuality "1"]

1. d4 Nf6 2. Nf3 g6 3. Bf4 Bg7 4. e3 0-0 5. Be2 d6 6. h3 c5 7. c3 Nc6 8. 0-0 b6 9. Nbd2 Bb7 10. Bh2 d5 11. a4 Rc8 12. Qb3 Na5 13. Qa3 c4 14. Ne5 Nd7 15. Rfd1 f6 16. Nxd7 Qxd7 17. Bg4 f5 18. Be2 Rfe8 19. Qa2 Bc6 20. Kh1 Qe6 21. Qb1 Rf8 22. Re1 Qd7 23. Bd1 Ra8 24. Nf3 a6 25. Ne5 Bxe5 26. Bxe5 b5 27. axb5 axb5 28. g4 Qb7 29. gxf5 Rxf5 30. f4 Bd7 31. Bc2 Nb3 32. Rxa8+ Qxa8 33. Bxf5 Bxf5 34. Qd1 Bxh3 35. Rg1 Bf5 36. Kh2 Kf7 37. Qe1 Qa2 38. Qh4 h5 39. Qf2 b4 40. Rg2 bxc3 41. bxc3 Qxf2 42. Rxf2 Be4 43. Ra2 Ke6 44. Kg3 Nc1 45. Ra6+ Kf5 46. Ra3 Ne2+ 47. Kf2 Bd3 48. Bc7 Kg4 49. Ba5 Ng3 50. Ra1 Ne4+ 51. Kg2 Be2 52. Bb4 e6 53. Ra6 Bf3+ 54. Kh2 Kf5 55. Kh3 Bg4+ 56. Kh4 Nd2 57. Kg3 Ke4 58. Kf2 Kd3 59. Ra8 Ne4+ 60. Kg2 Kxe3 61. Bd6 Nxd6 0-1

[Event "Zagorovsky Memorial op"]
[Site "Voronezh"]
[Date "2013.07.04"]
[Round "9"]
[White "Kornilov, Peter"]
[Black "Ajrapetian, Nikita"]
[Result "1-0"]
[WhiteElo "2029"]
[BlackElo "1922"]
[PlyCount "43"]
[EventDate "2013.06.25"]
[EventType "swiss"]
[EventRounds "9"]
[EventCountry "RUS"]
[SourceTitle "EXT 2014"]
[Source "ChessBase"]
[SourceDate "2013.11.20"]
[SourceVersion "1"]
[SourceVersionDate "2013.11.20"]
[SourceQuality "1"]

1. Nf3 Nf6 2. c4 e6 3. g3 b6 4. Bg2 Bb7 5. 0-0 c5 6. Nc3 Be7 7. d4 cxd4 8. Qxd4 0-0 9. e4 Nc6 10. Qd1 d6 11. b3 a6 12. Re1 Qc7 13. Bb2 Rad8 14. Rc1 h6 15. Nd5 exd5 16. cxd5 Qd7 17. dxc6 Bxc6 18. Nd4 Ba8 19. Nf5 Kh7 20. Qd3 b5 21. Nxe7 Qxe7 22. e5+ 1-0